Statistics for Biggest World Cities (A-Z by Last Letter) Beginning with H

Click here to take the quiz!

General Stats

  • This quiz has been taken 126 times
  • The average score is 8 of 26

Answer Stats

CountryStartsPlaceEndsPopulation% Correct
CubaHHavanaA2.1m
100%
ZimbabweHHarareE1.5m
91%
IndiaHHyderabadD3.6m
78%
Canada (NS)HHalifaxX359k
73%
VietnamHHo Chi Minh CityY3.5m
70%
GermanyHHannoverR515k
55%
ChinaHHong KongG7.0m
55%
ChinaHHangzhouU6.2m
51%
ChinaHHarbinN5.8m
40%
SyriaHHomsS775k
36%
ChinaHHefeiI3.3m
33%
UK (Essex)HHarlowW94k
22%
ChinaHHohhotT774k
14%
MexicoHHermosilloO715k
12%
PakistanHHubB175k
8%
SyriaHHamahH460k
6%
IranHHiq / HaqQ1k
6%
NetherlandsHHoofddorpP133k
2%
PeruHHuarezZ86k
2%
Saudi ArabiaHHa'ilL267k
1%
North KoreaHHungnamM346k
1%
USA (CA)HHuntington ParkK59k
1%
BangladeshHHabiganjJ89k
0%
CzechiaHHavirovV82k
0%
GermanyHHellersdorfF75k
0%
SlovakiaHHlohovecC23k
0%

Score Distribution

Percentile by Number Answered

Percent of People with Each Score

Your Score History

You have not taken this quiz